Estandarización de pruebas diagnósticas autoportantes. Empleo para la detección de anticuerpos contra el virus de la inmunodeficiencia humana (HIV) / (Registro nro. 5811)
[ vista simple ]
| 000 -CABECERA | |
|---|---|
| campo de control de longitud fija | 01624nam a2200217 4500 |
| 003 - IDENTIFICADOR DEL NÚMERO DE CONTROL | |
| campo de control | AR-RoIUNI |
| 005 - FECHA Y HORA DE LA ÚLTIMA TRANSACCIÓN | |
| campo de control | 20241122062751.0 |
| 007 - CAMPO FIJO DE DESCRIPCIÓN FÍSICA--INFORMACIÓN GENERAL | |
| campo de control de longitud fija | ta |
| 008 - DATOS DE LONGITUD FIJA--INFORMACIÓN GENERAL | |
| campo de control de longitud fija | 220718s2010 ag d|||frm||| 001 0 spa d |
| 040 ## - FUENTE DE LA CATALOGACIÓN | |
| Centro/agencia transcriptor | AR-RoIUNI |
| 080 ## - NÚMERO DE LA CLASIFICACIÓN DECIMAL UNIVERSAL | |
| Número de la Clasificación Decimal Universal | 001(043) |
| 100 1# - ENTRADA PRINCIPAL--NOMBRE DE PERSONA | |
| Nombre de persona | Capriotti, Gustavo A. |
| 245 1# - MENCIÓN DE TÍTULO | |
| Título | Estandarización de pruebas diagnósticas autoportantes. Empleo para la detección de anticuerpos contra el virus de la inmunodeficiencia humana (HIV) / |
| Mención de responsabilidad, etc. | Gustavo A, Capriotti, [directora] Dra. Edita Solis |
| 260 ## - PUBLICACIÓN, DISTRIBUCIÓN, ETC. (PIE DE IMPRENTA) | |
| Lugar de publicación, distribución, etc. | Rosario : |
| Nombre del editor, distribuidor, etc. | IUNIR , |
| Fecha de publicación, distribución, etc. | 2010 |
| 300 ## - DESCRIPCIÓN FÍSICA | |
| Extensión | 156 p. ; |
| Dimensiones | 30 cm. |
| 520 3# - SUMARIO, ETC. | |
| Sumario, etc. | Durante este trabajo de investigación se ha diseñado, desarrollado y evaluado un método diagnóstico para la detección de anticuerpos contra los virus HIV-1 y HIV-2 en suero, plasma y sangre entera humana. Esta prueba diagnóstica está basada en el sistema de autoportantes o pruebas rápidas, donde la reacción se efectúa en un sistema autocontenido, donde sólo se necesita la muestra, un buffer de dilución y el sistema autoportante en sí mismo.<br/>La finalidad de este trabajo era evaluar si dicho sistema podía ser utilizado como una herramienta válida para el diagnóstico del virus de la inmunodeficiencia humana.<br/>En el caso específico de la detección de anticuerpos contra el virus de la inmunodeficiencia humana, la utilización de los autoportantes y su rápida respuesta en lograr un resultado, ayuda a detectar nuevos casos y a detener esta epidemia. |
| 650 10 - PUNTO DE ACCESO ADICIONAL DE MATERIA--TÉRMINO DE MATERIA | |
| Término de materia o nombre geográfico como elemento inicial | Medicina |
| 9 (RLIN) | 58 |
| 700 1# - PUNTO DE ACCESO ADICIONAL--NOMBRE DE PERSONA | |
| Nombre de persona | Solis, Edita |
| Títulos y otros términos asociados al nombre | Dra. |
| Término indicativo de función/relación | Directora |
| 856 ## - LOCALIZACIÓN Y ACCESO ELECTRÓNICOS | |
| Texto de enlace | Resumen en PDF |
| Identificador Uniforme del Recurso | <a href="https://iunir.edu.ar/postgrado/doctorado/resumen/14">https://iunir.edu.ar/postgrado/doctorado/resumen/14</a> |
| 942 ## - ELEMENTOS DE PUNTO DE ACCESO ADICIONAL (KOHA) | |
| Fuente del sistema de clasificación o colocación | Clasificación Decimal Universal |
| Tipo de ítem Koha | Tesis |
| Estado de retiro | Estado de pérdida | Fuente del sistema de clasificación o colocación | Estado dañado | Restricciones de uso | Excepción de préstamo | Código de colección | Localización permanente | Ubicación/localización actual | Ubicación en estantería | Fecha de adquisición | Número de inventario | Total de préstamos | Signatura topográfica completa | Código de barras | Fecha visto por última vez | Precio válido a partir de | Tipo de ítem Koha |
|---|---|---|---|---|---|---|---|---|---|---|---|---|---|---|---|---|---|
| Clasificación Decimal Universal | Consulta en biblioteca | Tesis | BIBLIOTECA CENTRAL | BIBLIOTECA CENTRAL | BIBLIOTECA CENTRAL | 05/06/2025 | 100d | 001(043) | 100d | 05/06/2025 | 05/06/2025 | Tesis | |||||
| Clasificación Decimal Universal | Consulta en biblioteca | No sale | Tesis | BIBLIOTECA CRESPO | BIBLIOTECA CRESPO | BIBLIOTECA CRESPO | 25/10/2023 | 100dd | 001(043) | 100dd | 25/10/2023 | 25/10/2023 | Tesis |

